[Event "Solingen Karneval op"]
[Site "Solingen"]
[Date "2017.02.25"]
[Round "2"]
[White "Kueppers, Timo"]
[Black "Schmuck, Markus"]
[Result "1-0"]
[WhiteElo "2202"]
[BlackElo "1945"]
[PlyCount "33"]
[EventDate "2017.02.24"]
[EventType "swiss"]
[EventRounds "5"]
[EventCountry "GER"]
[SourceTitle "EXT 2018"]
[Source "ChessBase"]
[SourceDate "2017.10.13"]
[SourceVersion "1"]
[SourceVersionDate "2017.10.13"]
[SourceQuality "1"]

1. d4 d6 2. e4 e5 3. Nf3 Bg4 4. dxe5 Bxf3 5. Qxf3 dxe5 6. Bc4 Qd7 7. 0-0 Nc6 8. Nc3 a6 9. Rd1 Bd6 10. Be3 Nf6 11. h3 h6 12. Qg3 g5 13. Qf3 Qe7 14. Qf5 Na5 15. Nd5 Nxd5 16. Bxd5 0-0 17. Qg6+ 1-0

[Event "Solingen-ch"]
[Site "Solingen"]
[Date "2016.09.16"]
[Round "2"]
[White "Schmuck, Markus"]
[Black "Kniest, Oliver"]
[Result "0-1"]
[WhiteElo "1874"]
[BlackElo "2295"]
[PlyCount "96"]
[EventDate "2016.09.07"]
[EventType "swiss"]
[EventRounds "7"]
[EventCountry "GER"]
[SourceTitle "EXT 2018"]
[Source "ChessBase"]
[SourceDate "2017.10.13"]
[SourceVersion "1"]
[SourceVersionDate "2017.10.13"]
[SourceQuality "1"]

1. d4 f5 2. g4 fxg4 3. h3 d5 4. Qd3 Nf6 5. Bg5 g6 6. Bxf6 exf6 7. hxg4 Bxg4 8. Bh3 Bxh3 9. Nxh3 Qd6 10. Nc3 Nc6 11. a3 a6 12. 0-0-0 0-0-0 13. Qf3 Bh6+ 14. Kb1 f5 15. e3 Na5 16. Ng1 Bf8 17. Ka2 Nc4 18. Nb1 Qb6 19. b3 Nd6 20. Qe2 Ne4 21. Rd3 c5 22. dxc5 Nxc5 23. Rd1 Bg7 24. Nf3 Kb8 25. Nd4 Ne4 26. Rhe1 Rhe8 27. c3 Rc8 28. Qb2 Re7 29. Re2 Rec7 30. Rd3 h5 31. f3 Nc5 32. Rd1 Qf6 33. Qd2 Nd7 34. Rg2 g5 35. Qd3 Rf8 36. Rdg1 g4 37. Rh2 h4 38. fxg4 fxg4 39. Ne2 g3 40. Rhg2 Qf5 41. Qxf5 Rxf5 42. Rh1 Bf6 43. Nd4 Re5 44. Nf3 Re4 45. Kb2 Ne5 46. Nxe5 Bxe5 47. Kc2 Rh7 48. Rh3 Rxe3 0-1

[Event "Solingen Karneval op"]
[Site "Solingen"]
[Date "2016.02.07"]
[Round "5"]
[White "Raygrotzki, Norbert"]
[Black "Schmuck, Markus"]
[Result "0-1"]
[WhiteElo "1925"]
[BlackElo "1931"]
[PlyCount "156"]
[EventDate "2016.02.05"]
[EventType "swiss"]
[EventRounds "5"]
[EventCountry "GER"]
[SourceTitle "EXT 2018"]
[Source "ChessBase"]
[SourceDate "2017.10.13"]
[SourceVersion "1"]
[SourceVersionDate "2017.10.13"]
[SourceQuality "1"]

1. c4 d6 2. g3 g6 3. Bg2 Bg7 4. d4 c6 5. Nc3 Nf6 6. Nf3 Nbd7 7. 0-0 0-0 8. e4 e5 9. h3 Re8 10. Re1 a5 11. Be3 Rb8 12. Qd2 b5 13. cxb5 cxb5 14. dxe5 dxe5 15. Nh2 Nb6 16. Qxd8 Rxd8 17. Rad1 Bd7 18. b3 Rdc8 19. Nd5 Nfxd5 20. exd5 f5 21. Rc1 Rxc1 22. Rxc1 Rc8 23. Rxc8+ Nxc8 24. Bc5 Bf8 25. Bxf8 Kxf8 26. Nf3 e4 27. Ne5 Ke7 28. Nxd7 Kxd7 29. f3 exf3 30. Bxf3 Kd6 31. Kf2 Nb6 32. Ke3 Nxd5+ 33. Kd4 Nb4 34. a4 bxa4 35. bxa4 Nc6+ 36. Ke3 Ne5 37. Be2 g5 38. Bd1 Nc6 39. Bc2 Ke5 40. Bd3 h6 41. Bc4 Nd4 42. Bd3 Ne6 43. Bb5 Nc7 44. Bd7 Nd5+ 45. Kf3 Nf6 46. Bc8 Nh5 47. Bb7 f4 48. gxf4+ Nxf4 49. Kg4 Kf6 50. Bc8 h5+ 51. Kg3 Nd3 52. Bd7 h4+ 53. Kg2 Ne5 54. Bc8 Ke7 55. Kf2 Kd6 56. Ke3 Ke7 57. Ke4 Kf6 58. Ba6 Nf7 59. Be2 Nd8 60. Kd5 Ne6 61. Bg4 Nf4+ 62. Kc4 Ke5 63. Kb5 Kd6 64. Kxa5 Kc5 65. Ka6 Kc6 66. a5 Nd3 67. Bf3+ Kc7 68. Kb5 Ne5 69. Bg2 Kb8 70. Kb6 Nc4+ 71. Kb5 Ne3 72. Bf3 Ka7 73. a6 Nf5 74. Bb7 Nd6+ 75. Kc6 Nxb7 76. axb7 Kb8 77. Kd5 g4 78. hxg4 h3 0-1

[Event "Solingen Karneval op"]
[Site "Solingen"]
[Date "2016.02.05"]
[Round "1"]
[White "Borchert, Stephan"]
[Black "Schmuck, Markus"]
[Result "1-0"]
[WhiteElo "1956"]
[BlackElo "1931"]
[PlyCount "45"]
[EventDate "2016.02.05"]
[EventType "swiss"]
[EventRounds "5"]
[EventCountry "GER"]
[SourceTitle "EXT 2018"]
[Source "ChessBase"]
[SourceDate "2017.10.13"]
[SourceVersion "1"]
[SourceVersionDate "2017.10.13"]
[SourceQuality "1"]

1. e4 d6 2. d4 e5 3. Nf3 exd4 4. Nxd4 h6 5. Be2 Nf6 6. Bf3 Nbd7 7. 0-0 Ne5 8. Nc3 Nxf3+ 9. Qxf3 Bg4 10. Qd3 Qd7 11. Be3 Be7 12. f3 Bh5 13. Nf5 Rg8 14. Rad1 a6 15. Qd4 Bg6 16. Ng3 Nh5 17. Nge2 Bf6 18. Qb4 0-0-0 19. Nd5 Bg5 20. Bb6 Nf6 21. Nxc7 Be3+ 22. Bxe3 Qxc7 23. Bb6 1-0

[Event "Solingen-ch"]
[Site "Solingen"]
[Date "2009.09.15"]
[Round "7"]
[White "Maczkowiak, Thomas"]
[Black "Schmuck, Markus"]
[Result "1/2-1/2"]
[WhiteElo "1932"]
[BlackElo "1928"]
[PlyCount "100"]
[EventDate "2009.09.15"]
[EventType "swiss"]
[EventRounds "7"]
[EventCountry "GER"]
[SourceTitle "EXT 2011"]
[Source "ChessBase"]
[SourceDate "2010.11.26"]
[SourceVersion "1"]
[SourceVersionDate "2010.11.26"]
[SourceQuality "1"]

1. Nf3 e6 2. g3 b6 3. Bg2 Bb7 4. 0-0 f5 5. d3 Nf6 6. e4 fxe4 7. Ng5 Be7 8. Nc3 0-0 9. Ncxe4 Nxe4 10. Nxe4 d5 11. Nc3 Bf6 12. Qg4 Bc8 13. Qd1 c6 14. d4 e5 15. dxe5 Bxe5 16. Nxd5 Kh8 17. Qh5 Rf5 18. Qd1 Rf8 19. Nb4 Qf6 20. Nd3 Ba6 21. Qe2 Bxd3 22. cxd3 Nd7 23. Qc2 Rac8 24. Rb1 Nc5 25. Be3 Ne6 26. Bh3 Rc7 27. Bg2 c5 28. Rfc1 Rd7 29. Be4 Ng5 30. Bxg5 Qxg5 31. Kg2 Bd4 32. Rf1 Rdf7 33. f3 Be5 34. Kh1 Bd4 35. Rbe1 h5 36. Qg2 Rf6 37. f4 Qh6 38. Qh3 Bxb2 39. f5 Bd4 40. Rf4 g5 41. fxg6 Rxf4 42. gxf4 Rxf4 43. Bf5 Bf6 44. Be4 Rg4 45. Bf5 Rf4 46. Be4 Bd4 47. Qc8+ Rf8 48. Qh3 Qg5 49. Qd7 Qh6 50. Qh3 Qg5 1/2-1/2